ნორმალური ფორმატი
MARC ფორმატი
ჩანაწერი Corporate Name
ჩანაწერთა რაოდენობა, რომელიც გამოყენებულია: 1
001 - CONTROL NUMBER
- control field: 13492
003 - CONTROL NUMBER IDENTIFIER
- control field: GE_BSU
005 - DATE AND TIME OF LATEST TRANSACTION
- control field: 20220208113115.0
008 - FIXED-LENGTH DATA ELEMENTS
- fixed length control field: 220208|| aca||aabn | a|a d
040 ## - CATALOGING SOURCE
- Original cataloging agency: GE_BSU
- Transcribing agency: GE_BSU
110 ## - HEADING--CORPORATE NAME
- Corporate name or jurisdiction name as entry element: ბსუ. ჰუმანიტარულ მეცნიერებათა ფაკულტეტი.
- Relator term: ისტორიის არქეოლოგიისა და ეთნოლოგიის დეპარტამენტი.
670 ## - SOURCE DATA FOUND
- Source citation: Work cat.: (GE_BSU): აღაპიშვილი, თამარ 13489, გარემოპირობების ზეგავლენა ადამიანის სოციალურ-ეკონომიურ ყოფაზე ზედა პალეოლითში (საქართველოს ზედაპალეოლითური ძეგლების მიხედვით) :
